000 01019cac a2200313 i 4500
003 EG-GICUC
005 20260121101537.0
008 981117s1999 ctu frb 001 0 eng d
020 _a0313305560
_qalk. paper
020 _a9780313305566
_q(alk. paper)
040 _aDLC
_cDLC
_dDLC
_dEG-GICUC
_beng
_erda
043 _an-us---
050 0 0 _aKF9219.6
_b.M33 1999
082 0 0 _a343.1073
_221
092 0 4 _221
099 _aLaw 10 1999
100 1 _aMack, Raneta Lawson,
_d1963-
245 1 2 _aA layperson's guide to criminal law /
_cRaneta Lawson Mack.
264 _aWestport, Conn. :
_bGreenwood Press,
_c1999.
300 _axiii, 201 page ;
_c25 cm.
336 _atext
_btxt
_2rdacontent
337 _aunmediated
_bn
_2rdamedia
338 _avolume
_bnc
_2rdacarrier
504 _aIncludes bibliographical references (p. [197]) and index.
650 0 _aCriminal law
_zUnited States
_xPopular works.
856 4 0 _uhttps://fll.law.cu.edu.eg/fulltext/bks/ENGB10-00086.pdf
905 _a10
942 _2ddc
_cBK
_e21
_n0
999 _c52460
_d52460